Statistics for Top 10 Countries with Covid-19 Cases - 22 April

Click here to take the quiz!

General Stats

  • This quiz has been taken 26 times
  • The average score is 12 of 16

Answer Stats

country% Correct
China
100%
Germany
96%
United States
96%
France
92%
Italy
92%
Spain
92%
United Kingdom
92%
Netherlands
71%
Iran
67%
Russia
67%
Belgium
63%
Portugal
63%
Turkey
63%
Switzerland
50%
Ireland
42%
Qatar
8%

Score Distribution

Percentile by Number Answered

Percent of People with Each Score

Your Score History

You have not taken this quiz